000 01292naa a22003137a 4500
001 BR8400134
003 BR-BrBNA
005 20240918175405.0
007 ta
008 230509b bl.||||| |||| 00| 0 por d
040 _aBR-BrBNA
_bpor
_cBiblioteca Nacional de Agricultura
041 _a(Pt)
072 _aC00; F00
_b0150
090 _aC00 BR8400134
100 1 _aOliveira, E.T. de
111 1 _aSimposio sobre a Cultura do Arroz de Sequeiro
_cJaboticabal, SP (Brazil)
_d25 May 1983
245 1 _aDifusao e assistencia tecnica na cultura do arroz [Oryza sativa]
246 1 _a[Diffusion and technical assistance in rice crop [Oryza sativa]]
246 1 _a[Symposium on Upland Rice Crop. Aspects related to productiveness]
260 3 _aJaboticabal, SP (Brasil):
_c1983.
500 _aSimposio sobre a Cultura do Arroz de Sequeiro. Aspectos relacionados com a produtividade Jaboticabal, SP (Brasil): 1983. p. 272-279 (BR8400134-AM)C00
650 _aARROZ
650 _aTECNOLOGIA AGRICOLA
650 _aDIFUSAO
650 _aASSISTENCIA TECNICA
773 0 _tSimposio sobre a Cultura do Arroz de Sequeiro. Aspectos relacionados com a produtividade
_wC00 BR8400134
_gJaboticabal, SP (Brasil), 1983. p. 272-279
909 _a202404
_bLucia
_c55
_dLucia Elande
942 _cAM
_2AGRIS
999 _c316470
_d316470